00995nam0a22002171 4500001001000000005001700010035002600027100004100053101000800094102000700102105001800109200012800127210003200255215002000287225029700307320004900604702006500653801001800718801002200736852001900758rc\61130520250621182906.0 a(NLR Aleph) 005854944 a20031121d1986 |||y0rusy50 ca0 arus aRU ay |||||||||1 aСмеси конструкционных термопластовf[Составители Р.В. Маркина и др.] aМ.cНИИТЭхимd1986 a56, [1] с.d201 aХимическая промышленностьeОбзор. информ.fМ-во хим. пром-сти, НИИ и техн.-экон. исслед.iСерия "Производство и переработка пластических масс и синтетических смол" aБиблиогр.: с. 54-57 (115 назв.) 1aМаркинаbР.В.gРаиса Васильевна4220 0aRUbNLRgpsbo 1aRUbELAR2rusmarc aNLRj86-4/3459